It looks like you're offline.
Open Library logo
additional options menu

MARC record from Internet Archive

LEADER: 00993cam a2200277 4500
001 72085438
003 DLC
005 20100108082523.0
008 730709s1973 enkb b 000 0 eng
010 $a 72085438
015 $aB***
020 $a0521200377
040 $aDLC$cDLC$dDLC
041 0 $aengsit
050 00 $aPL1859$b.H3
082 00 $a495.1/7
100 1 $aHashimoto, Mantaro J.
245 14 $aThe Hakka dialect;$ba linguistic study of its phonology, syntax, and lexicon$c[by] Mantaro J. Hashimoto.
260 $aCambridge [Eng.]$bUniversity Press,$c1973.
300 $axxvi, 580 p.$bmaps.$c24 cm.
440 0 $aPrinceton-Cambridge studies in Chinese linguistics,$v5
504 $aBibliography: p. 565-580.
650 0 $aHakka dialects$xGrammar.
650 0 $aHakka dialects$xPhonology.
856 42 $3Publisher description$uhttp://www.loc.gov/catdir/enhancements/fy1004/72085438-d.html
856 41 $3Table of contents only$uhttp://www.loc.gov/catdir/enhancements/fy1004/72085438-t.html